000 01178nam0a22003011 4500
001 v19\rc\1593460
005 20250618215006.0
035 _a(NLR Aleph) 004717429
090 _a4285052
_c4285052
100 _a20061002e18951895|||y0rusy50 ca
101 0 _arus
102 _aRU
105 _ay z |||||
200 1 _aПо вопросу о борьбе с "домовым грибом"
210 _a[Санкт-Петербург]
_cтип. А. Хомского и К°
_dценз. 1895
215 _a8 с.
_d21
300 _aАвт. И.С. Китнер указан в конце текста
300 _aНапеч. также в: Труды II съезда русских зодчих. М., 1899, с. 37-49
309 _aБез тит. л. и обл.
311 _aОтт. из журн. "Зодчий" за 1895 г.
488 0 _12001#$aЗодчий$v1895
_tЗодчий
532 1 3 _aПо вопросу о борьбе с домовым грибом
700 1 _aКитнер
_bИ.С.
_f1839-
_gИероним Севастьянович
801 0 _aRU
_bNLR
_gpsbo
801 1 _aRU
_bProSoft-M
_2rusmarc
852 _aNLR
_j18.275.6.337
942 _cBOOK
980 _aNB